Journal of Crystal Growth

Gespeichert in:
Bibliographische Detailangaben
Format: Schriftenreihe
Veröffentlicht: 1998
Tags: Tag hinzufügen
Keine Tags, Fügen Sie das erste Tag hinzu!

MARC

LEADER 00000nas a22000003a 4500
001 stu72453
005 20141121233243.0
008 011106s1998----------------------------d
040 |a STU  |b slo 
041 0
245 |a Journal of Crystal Growth 
260 |c 1998 
500 |a 1998 
773 0 |t Journal of Crystal Growth  |w stu_us_cat*stu72446  |x 0022-0248  |7 nnas 
996 |d Vol. 189/190, 1998  |v Vol. 189/190  |y 1998  |l EE0103  |s A  |a 24  |w stu72453_0001